000 00730nam a22002297a 4500
999 _c65694
_d65694
005 20240530110838.0
008 191208s2008 ua a f 000 0 ara d
017 _a2008/19091
_bمصر. دار الكتب
020 _a9774379020
040 _aEG-CaGPL
_cEG-CaGPL
082 0 4 _221
_a920.06211
_bق/ف م
100 0 _aفتحى الابيارى
245 _a؟؟؟؟؟؟؟
250 _aط.1
260 _aالقاهرة :
_bالمجلس الاعلى للثقافة،
_c2008
300 _a248ص. :
_bايض. ؛
_c24 سم.
650 0 7 _2qrmak
_aالاسكندرية
_vتاريخ
_zمصر
651 _2qrmak
653 _aمنارة الاسكندرية
942 _2ddc
_cBK